English law for business studies / (Record no. 5270)
[ view plain ]
| 000 -LEADER | |
|---|---|
| fixed length control field | 00876nam a22002412 4500 |
| 001 - CONTROL NUMBER | |
| control field | 5270 |
| 003 - CONTROL NUMBER IDENTIFIER | |
| rucl marc code | BD-RjUL |
| 005 - DATE AND TIME OF LATEST TRANSACTION | |
| control field | 20211208234035.0 |
| 008 - FIXED-LENGTH DATA ELEMENTS--GENERAL INFORMATION | |
| fixed length control field | 131224s1968 enk 000 0 eng d |
| 020 ## - INTERNATIONAL STANDARD BOOK NUMBER | |
| International Standard Book Number | 058241024X |
| 035 ## - SYSTEM CONTROL NUMBER | |
| System control number | (BD-RjUL)5306 |
| -- | OCLC ocm08751710 from D980219M |
| 040 ## - CATALOGING SOURCE | |
| Original cataloging agency | BOS |
| Transcribing agency | BOS |
| Modifying agency | TOL |
| -- | UKM |
| -- | EQO |
| -- | BD-RjUL |
| Language of cataloging | eng |
| 041 ## - LANGUAGE CODE | |
| Language code of text/sound track or separate title | eng |
| 082 04 - DEWEY DECIMAL CLASSIFICATION NUMBER | |
| Classification number | 347.00942 |
| Edition number | 18 |
| Author mark and year | NIE 1968 |
| 100 1# - MAIN ENTRY--PERSONAL NAME | |
| Personal name | Nicholls, Willis James. |
| 9 (RLIN) | 16130 |
| 245 10 - TITLE STATEMENT | |
| Title | English law for business studies / |
| Statement of responsibility, etc. | by W.J. Nicholls. |
| 260 ## - PUBLICATION, DISTRIBUTION, ETC. (IMPRINT) | |
| Place of publication, distribution, etc. | London : |
| Name of publisher, distributor, etc. | Longmans, Green, |
| Date of publication, distribution, etc. | 1968. |
| 300 ## - PHYSICAL DESCRIPTION | |
| Pagination | ix, 386 p. ; |
| Size | 20 cm. |
| 500 ## - GENERAL NOTE | |
| General note | "Covers the syllabus of the subject Principles of English law or its equivalent in the examinations of the O.N.C., O.N.D., and H.N.D. in Business studies." |
| 650 #0 - SUBJECT ADDED ENTRY--TOPICAL TERM | |
| Topical term or geographic name as entry element | Business |
| Geographic subdivision | Great Britain. |
| 9 (RLIN) | 2538 |
| Topical term or geographic name as entry element | Commercial law |
| Geographic subdivision | Great Britain. |
| 9 (RLIN) | 16568 |
| 942 ## - ADDED ENTRY ELEMENTS (KOHA) | |
| Source of classification or shelving scheme | Dewey Decimal Classification |
| Koha item type | Books |
| Lost status | Source of classification or shelving scheme | Damaged status | Not for loan | Collection code | Permanent Location | Current Location | Shelving location | Date acquired | Source of acquisition | Cost, normal purchase price | Total Checkouts | Full call number | Date last seen | Copy number | Koha item type |
|---|---|---|---|---|---|---|---|---|---|---|---|---|---|---|---|
| Dewey Decimal Classification | Non-fiction | Central Library, University of Rajshahi | Central Library, University of Rajshahi | 29/12/1969 | Zeit | 17.60 | 347.00942 NIE 1968 | 24/12/2013 | C-2 | Books |